000 nam a22 7a 4500
999 _c9959
_d9959
008 180209b ||||| |||| 00| 0 eng d
100 _aSibley, R
_96015
245 _aSmow white and the seven dwarts
260 _aLondon
_bLadybird Publication
_c1993